| 000 | 00851nac a22002051u 4500 | ||
|---|---|---|---|
| 008 | 100902t xxu||||| |||| 00| 0 eng d | ||
| 010 | _a 53012431 | ||
| 020 | _a0070397708 | ||
| 035 | _a(OCoLC)1198694 | ||
| 082 |
_a621.436 _bMAL |
||
| 100 |
_aMaleev, Vladimir Leoni _917822 |
||
| 245 | 1 | 0 |
_aDiesel Engine Operation and Maintenance: _bThe Construction, Operation, Maintenance, and Repair of Modern Diesel Engines / _cV. L. Maleev |
| 260 |
_aNew York, _bMcGraw-Hill, _c1954. |
||
| 300 |
_a504 p. : _bill. ; _c24 cm. |
||
| 500 | _aDonations. | ||
| 500 | _aDonations - Bibliotheca Alexandrina. | ||
| 650 | 0 |
_aDiesel motor. _917823 |
|
| 942 |
_cBB _k621.436MAL _2ddc |
||
| 999 |
_c3479 _d3479 |
||